000 01305nam0a2200325 4500
001 RU\NLR\bibl\71790
005 20250616095755.0
021 _aRU
_b1999-45844
_92262
035 _a(NLR Aleph) 000070046
090 _a385816
_c385816
100 _a20000223d1999 |||y0rusy50 ca
101 0 _arus
102 _aRU
105 _aa |||||||||
200 1 _aК исследованию маневренных возможностей экскаватора - драглайна
_fР.З. Хайруллин
210 _aМ.
_cИПМ
_d1999
215 _a12 с.
_cил.
_d20
225 1 _aПрепринт
_fИн-т прикл. математики им. М.В. Келдыша
_vN° 31
300 _aРез. на англ. яз.
320 _aБиблиогр.: с. 12 (17 назв.)
606 0 _aЭкскаваторы-драглайны
_xМаневренность
_xРасчет
_92158057
_3RU\NLR\auth\661298993
686 _aН623.031.1-512.1
700 1 _4070
_aХайруллин
_bР. З.
_cд-р физ.-мат. наук
_gРустам Зиннатуллович
_9192935
_3RU\NLR\AUTH\770192986
801 0 _aRU
_bNLR
_c20000223
_gPSBO
801 1 _aRU
_bNLR
_c20000223
852 _aNLR
_j99-4/10403
942 _cBOOK
980 _aNB